|
|
|
|
| LEADER |
00000nam#a22000001a#4500 |
| 001 |
00002288 |
| 003 |
AR-BaUAD |
| 005 |
20230908140010.0 |
| 008 |
930917s1946####xxkae||##||||||||#||eng|d |
| 040 |
|
|
|a AR-BaUAD
|b spa
|c AR-BaUAD
|
| 041 |
|
|
|a eng
|
| 044 |
|
|
|c gb
|2 ISO3166-1
|
| 110 |
2 |
|
|a Ministry of War Transport
|
| 245 |
1 |
0 |
|a Design and Layout of roads in built-up areas :
|b report of the Departamental Committee set up the minister of war transport
|
| 260 |
|
|
|a London :
|b H. M. Stationery office,
|c 1946
|
| 300 |
|
|
|a vi, 100 p., láms. :
|b il., planos, tablas
|
| 500 |
|
|
|a Apéndices : p.84-95
|
| 653 |
|
|
|a URBANISMO
|
| 653 |
|
|
|a VIAS DE COMUNICACION TERRESTRE
|
| 653 |
|
|
|a DESARROLLO URBANO
|
| 653 |
|
|
|a CAMINOS
|
| 655 |
|
|
|a TEXTO
|
| 852 |
|
|
|c 180-4
|
| 952 |
|
|
|0 0
|1 0
|4 0
|6 1804
|7 0
|9 4285
|a AR-BaUAD
|b AR-BaUAD
|d 0000-00-00
|e compra Concentra
|i 2288. Transfer. del ISU
|l 0
|o 180-4
|p s50iw2288. Transfer.
|r 2023-09-08 14:00:10
|w 2023-09-08
|y BK
|
| 952 |
|
|
|0 0
|1 0
|4 0
|7 0
|9 4286
|a AR-BaUAD
|b AR-BaUAD
|d 0000-00-00
|e compra Concentra
|i 36-1079
|l 0
|p f49m736-1079
|r 2023-09-08 14:00:10
|w 2023-09-08
|y BK
|
| 990 |
|
|
|a Ej. No1 : 2288. Transfer. del ISU . 6/10/1948 -- compra Concentra -- (4,95 pesos).
|b ADM
|
| 990 |
|
|
|a Ej. No2 : 36-1079 . 13/9/1948 -- compra Concentra -- (5,50 pesos).
|b ADM
|
| 990 |
|
|
|a U194
|b TD
|
| 990 |
|
|
|a AAQ00002288
|b CC
|
| 998 |
|
|
|a AAQ
|b Bibun 76
|
| 942 |
|
|
|c BK
|
| 999 |
|
|
|c 1980
|d 1980
|